000 00628nam a22001937a 4500
005 20251108172012.0
008 250721s2001 xx 000 0 ara d
082 1 4 _a798/علي
100 1 _aعلي، حسن أحمد
245 1 0 _aالهجن العربية الأصيلة :
_bدراسة تحليلية عن هجن السباق في قطر /
264 1 _aالدوحة :
_bدار الثقافة للنشر،
_c2001.
300 _a132ص
650 1 7 _aالإبل
650 1 7 _aالإبل العربية
650 1 7 _aالسباقات
700 1 _aالطحان، عادل فاروق
942 _2ddc
_cBK
999 _c67995
_d67995